000 00489cam7a220018100 4500
001 tmp15759325
003 UPRA
005 20190814091539.0
008 951023m19401985xx eng u
035 _a(Sirsi) r42457
035 _a(UPRA)tmp15759325
040 _cUPRA
100 1 _aKloos, Helmim.
_6A102537.1
245 1 0 _aHealth and disease in Ethiopia :
_ba guide to the literature.
260 _c1940-1985.
949 _aRA643.7
_wLC
_i-51830
_mMEDICAL
_tBOOK
_lON-SHELF
004 42457
999 _c46399
_d46399